书目信息 |
| 题名: |
绞刑架下的报告
|
|
| 作者: | 伏契克, 著 ;徐伟珠 译 | |
| 分册: | ||
| 出版信息: | 杭州 浙江文艺出版社 2005 |
|
| 页数: | 166页 | |
| 开本: | 21cm | |
| 丛书名: | ||
| 单 册: | ||
| 中图分类: | I514.55 | |
| 科图分类: | ||
| 主题词: | 文学 , 纪实文学--ji shi wen xue--捷克--现代 | |
| 电子资源: | ||
| ISBN: | 7-5339-2162-3 | |
| 000 | 00767nam0 2200253 450 | |
| 001 | CAL 012005107182 | |
| 005 | 20061120150951.89 | |
| 010 | @a7-5339-2162-3@dCNY 10.00 | |
| 099 | @aCAL 012005107182 | |
| 100 | @a20051008d2005 ekmy0chiy0121 ea | |
| 101 | 1 | @achi@ccze |
| 102 | @aCN@b330000 | |
| 105 | @ay z 000yy | |
| 200 | 1 | @a绞刑架下的报告@Ajiao xing jia xia de bao gao@f(捷)伏契克著@F(jie)fu qi ke zhu@g徐伟珠译 |
| 210 | @a杭州@c浙江文艺出版社@d2005 | |
| 215 | @a166页@d21cm | |
| 606 | 0 | @a文学 |
| 606 | 0 | @a纪实文学@Aji shi wen xue@y捷克@z现代 |
| 690 | @aI514.55@v4 | |
| 701 | 1 | @a伏契克,@Afu qi ke@bJ.@g(Fucik, Julius),@f1903-1943@4著 |
| 702 | 0 | @a徐伟珠@Axu wei zhu@4译 |
| 801 | @aCN@c20061120 | |
| 905 | @a10447@dI514.55@eF647 | |
| 998 | @aGDUF | |
| 绞刑架下的报告/(捷)伏契克著/徐伟珠译.-杭州:浙江文艺出版社,2005 |
| 166页;21cm |
| ISBN 7-5339-2162-3:CNY 10.00 |
| ● |
| 相关链接 |
|
|
|
正题名:绞刑架下的报告
索取号:I514.55/F647
 
预约/预借
| 序号 | 登录号 | 条形码 | 馆藏地/架位号 | 状态 | 备注 |
| 1 | 611446 | 206114462 | 文学库116/116文学库 17排4列2层/ [索取号:I514.55/F647] | 在馆 | |
| 2 | 611447 | 206114471 | 文学库116/116文学库 17排4列2层/ [索取号:I514.55/F647] | 在馆 | |
| 3 | 611448 | 206114480 | 社科二线400B/400B社科库 13排3列3层/ [索取号:I514.55/F647] | 在馆 |